000 00924nmc a2200325 a 4500
003 AR-BaBNM
005 20251128211738.0
008 106020s2003 ||||||||||||||000 | spa||
020 _a84-8063-606-8
040 _cAR-BaBNM
100 1 _aCarpena, Anna
245 1 0 _aEducación socioemocional en la etapa de primaria
_bmateriales prácticos y de reflexión
250 _a1ª ed.
260 _aBarcelona
_bEumo - Octaedro
_c2003
300 0 _a255 p.
490 0 _aRecursos
_v45
504 _aContiene referencias bibliográficas
650 4 _aAMBIENTE EDUCACIONAL
650 4 _aEMOCIONES
650 4 _aSOLUCION DE CONFLICTOS
650 4 _aROL DEL DOCENTE
651 4 _aEspaña
653 0 _aEDUCACION PRIMARIA
653 0 _aEDUCACION EN VALORES
653 0 _aESTRATEGIAS DIDACTICAS
653 0 _aEXPERIENCIAS EDUCATIVAS
700 1 _aDarder, Pere
_eprologuista
942 _cBK
998 _cme-solo cat
999 _c20929
_d20929